| 000 | 00337nam a2200133Ia 4500 | ||
|---|---|---|---|
| 008 | 150201s2004 xx 000 0 und d | ||
| 082 |
_a603 _bM04B |
||
| 100 | _aBANSAL,S | ||
| 245 | _aNEW ILLUSTRATED MEDICAL DICTIONARY | ||
| 250 | _a1ST | ||
| 260 |
_bAITBS _aDELHI _c2004 |
||
| 650 | _aOTHER CLINICAL & NON CLINICAL BOOKS | ||
| 942 |
_2ddc _cBK |
||
| 999 |
_c728 _d728 |
||